| 000 | 02253nam0a2200421 4500 | ||
|---|---|---|---|
| 001 | RU\NLR\BIBL_A\011654291 | ||
| 005 | 20180419163848.0 | ||
| 010 |
_a978-5-209-08175-3 _9500 |
||
| 021 |
_aRU _bКН-П-18-0677 _9КН-П-18-009737 |
||
| 035 | _a(NLR Aleph) 011654291 | ||
| 035 | _a(RuMoRGB)009541672 | ||
| 090 |
_a11145728 _c11145728 |
||
| 100 | _a20180312d2018 k y0rusy50 ca | ||
| 101 | 0 |
_arus _deng |
|
| 102 | _aRU | ||
| 105 | _aa z 000zy | ||
| 200 | 1 |
_aИноязычие на перекрестке лингвокультур: проблемы XXI века и пути их решения _dAnother language at the crossroad of cultures: the challenges of the 21st century and their solutions _e[монография] _fИ. В. Вашунина, М. Э. Рябова _zeng |
|
| 210 |
_aМосква _cРоссийский университет дружбы народов _d2018 |
||
| 215 |
_a152, [1] с. _cтабл., цв. ил. _d20 |
||
| 300 | _aАвт. также на англ. яз.: I. V. Vashunina, M. E. Ryabova | ||
| 300 | _aНа 4-й с. обл. авт.: Вашунина И. В., проф., д.филол.н., Рябова М. Э., проф., д.филос.н., к.п.н. | ||
| 300 | _aРез. англ. | ||
| 320 | _aБиблиогр.: с. 134-153 (252 назв.) | ||
| 510 | 1 |
_6z37790 _aAnother language at the crossroad of cultures: the challenges of the 21st century and their solutions _zeng |
|
| 606 | 1 |
_aЯзык и культура _2nlr_sh2 _3RU\NLR\AUTH\6656388 |
|
| 686 |
_aШ100.11,0 _2rubbk |
||
| 686 |
_aШ100.122,0 _2rubbk |
||
| 686 |
_aС555.563,0 _2rubbk |
||
| 686 | 1 | _aШ100.33 | |
| 700 | 1 |
_aВашунина _bИ. В. _gИрина Владимировна _3RU\NLR\AUTH\770187280 |
|
| 701 | 1 |
_aРябова _bМ. Э. _cд-р филос. наук, канд. пед. наук _gМарина Эдуардовна _3RU\NLR\AUTH\770187276 |
|
| 790 | 1 |
_6z37 _aVašunina _bI. V. _gIrina Vladimirovna _3RU\NLR\AUTH\770187279 |
|
| 790 | 1 |
_6z37 _6z37510 _aRjabova _bM. É. _cд-р филос. наук, канд. пед. наук _gMarina Éduardovna _3RU\NLR\AUTH\770187275 |
|
| 942 | _cBOOK | ||
| 980 | _aNBR | ||
| 980 | _aNB | ||